| 000 | 00613nam a2200217Ia 4500 | ||
|---|---|---|---|
| 003 | OSt | ||
| 005 | 20250812110013.0 | ||
| 008 | 210210b1993 xxu||||| |||| 00| 0 eng d | ||
| 040 | _cAL | ||
| 041 | _akan | ||
| 082 | _aK494.6 NAGS | ||
| 100 |
_aNagachandra _9235075 |
||
| 110 |
_aನಾಗಚಂದ್ರ _9235078 |
||
| 245 |
_aSankshipta kannada chandassu _b: ಸಂಕ್ಷಿಪ್ತ ಕನ್ನಡ ಛಂದಸ್ಸು |
||
| 260 |
_aMysore _bChetana Book House _c1993 |
||
| 300 | _a115p | ||
| 650 |
_aChandassu _9235076 |
||
| 690 |
_aKannada Grammar _9235077 |
||
| 906 | _a059002 | ||
| 942 |
_2ddc _cBK |
||
| 999 |
_c106143 _d106143 |
||